|
|
|
|
| LEADER |
01915nam a2200457 i 4500 |
| 001 |
EBC1710137 |
| 003 |
MiAaPQ |
| 005 |
20200520144314.0 |
| 006 |
m o d | |
| 007 |
cr cnu|||||||| |
| 008 |
140620t20142014enkab ob 001 0 eng d |
| 020 |
|
|
|z 9781780326313
|
| 020 |
|
|
|a 9781780326320
|q (electronic bk.)
|
| 035 |
|
|
|a (MiAaPQ)EBC1710137
|
| 035 |
|
|
|a (Au-PeEL)EBL1710137
|
| 035 |
|
|
|a (CaPaEBR)ebr10881328
|
| 035 |
|
|
|a (CaONFJC)MIL621882
|
| 035 |
|
|
|a (OCoLC)882233360
|
| 040 |
|
|
|a MiAaPQ
|b eng
|e rda
|e pn
|c MiAaPQ
|d MiAaPQ
|
| 043 |
|
|
|a f------
|
| 050 |
|
4 |
|a HC800
|b .K569 2014
|
| 082 |
0 |
|
|a 338.96
|2 23
|
| 100 |
1 |
|
|a Kinyanjui, Mary Njeri,
|e author.
|
| 245 |
1 |
0 |
|a Women and the informal economy in Urban Africa :
|b from the margins to the centre /
|c Mary Njeri Kinyanjui.
|
| 264 |
|
1 |
|a London, England :
|b Zed Books,
|c 2014.
|
| 264 |
|
4 |
|c 2014
|
| 300 |
|
|
|a 1 online resource (154 pages) :
|b illustrations, maps.
|
| 336 |
|
|
|a text
|2 rdacontent
|
| 337 |
|
|
|a computer
|2 rdamedia
|
| 338 |
|
|
|a online resource
|2 rdacarrier
|
| 490 |
1 |
|
|a Africa Now
|
| 504 |
|
|
|a Includes bibliographical references and index.
|
| 588 |
|
|
|a Description based on online resource; title from PDF title page (ebrary, viewed June 20, 2014).
|
| 590 |
|
|
|a Electronic reproduction. Ann Arbor, MI : ProQuest, 2015. Available via World Wide Web. Access may be limited to ProQuest affiliated libraries.
|
| 650 |
|
0 |
|a Economic development
|z Africa.
|
| 650 |
|
0 |
|a Labor movement
|z Africa.
|
| 655 |
|
4 |
|a Electronic books.
|
| 776 |
0 |
8 |
|i Print version:
|a Kinyanjui, Mary Njeri.
|t Women and the informal economy in Urban Africa : from the margins to the centre.
|d London, England : Zed Books, c2014
|h vii, 140 pages
|k Africa now (Zed Books)
|z 9781780326313
|
| 797 |
2 |
|
|a ProQuest (Firm)
|
| 830 |
|
0 |
|a Africa now (Zed Books)
|
| 856 |
4 |
0 |
|u https://ebookcentral.proquest.com/lib/matrademy/detail.action?docID=1710137
|z Click to View
|